| 000 | 00674cab a2200217 4500 | ||
|---|---|---|---|
| 001 | WB2932-47 | ||
| 008 | 090401t1993 xxu||||| |||| 00| 0 eng d | ||
| 035 | _a(Sirsi) u11711 | ||
| 041 | _aeng | ||
| 245 | _aUDCs and community involvement | ||
| 260 | _c1993 | ||
| 350 | _a0 | ||
| 490 |
_aEstates Gazette _v(9334) 28 August 1993, 33(1) |
||
| 520 | _aThe Tyne & Wear and Teesside Development Corporations` acheivements and operational styles are compared in a publication produced the University of Durham. | ||
| 650 | _aCOMMUNITY DEVELOPMENT | ||
| 650 | _aDEVELOPMENT CORPORATIONS | ||
| 650 | _aUDCS | ||
| 690 | _aURBAN RENEWAL | ||
| 942 | _n0 | ||
| 948 | _c04/03/1997 | ||
| 999 |
_c7478 _d7478 |
||